[Event "Hallstahammar Open"]
[Site "?"]
[Date "1998.??.??"]
[Round "?"]
[White "Akerstrom, Christoffer"]
[Black "Olsson, Dick"]
[Result "0-1"]
[WhiteElo "2725"]
[BlackElo "2590"]
[PlyCount "50"]
[EventDate "1998.??.??"]
[Source "www.chesslib.no"]
[SourceDate "2004.05.04"]

1. e4 e5 2. Nf3 Nc6 3. Bc4 Nf6 4. d3 d5 5. exd5 Nxd5 6. Bd2 Bb4 7. O-O O-O 8. a3 Bxd2 9. Nbxd2 Re8 10. h3 a6 11. Bb3 Be6 12. Ne4 b6 13. c4 Nf6 14. Nxf6+ Qxf6 15. Ba4 Bd7 16. b4 Qg6 17. Bc2 Bxh3 18. Nh4 Qg5 19. g3 Bxf1 20. Kxf1 Nd4 21. Ng2 Qf6 22. Ra2 Qf3 23. Qd2 Nf5 24. Ne3 Nxg3+ 25. Ke1 Qh1+ 0-1

[Event "Russian Cup f"]
[Site "Sochi"]
[Date "1997.??.??"]
[Round "11"]
[White "Fedorov, Alexei"]
[Black "Aleksandrov, Aleksej"]
[Result "1/2-1/2"]
[WhiteElo "2600"]
[BlackElo "2660"]
[PlyCount "34"]
[EventDate "1997.09.17"]
[Source "ChessBase"]
[SourceDate "1998.01.31"]

1. e4 e5 2. Bc4 Nf6 3. d3 c6 4. Nf3 d5 5. Bb3 Bd6 6. Nc3 dxe4 7. Nxe4 Nxe4 8. dxe4 Qe7 9. O-O Be6 10. Bxe6 Qxe6 11. Be3 O-O 12. Qd3 Na6 13. Rfd1 Bc5 14. Bxc5 Nxc5 15. Qc3 Nxe4 16. Qxe5 Qxe5 17. Nxe5 Rfd8 1/2-1/2

[Event "ch-Euro Blitz"]
[Site "Ajaccio FRA"]
[Date "2007.10.25"]
[Round "21"]
[White "Bauer, Ch"]
[Black "Fridman, D2."]
[Result "0-1"]
[WhiteElo "2634"]
[BlackElo "2621"]
[PlyCount "70"]
[EventDate "2007.10.25"]
[Source "www.chesslib.no"]
[SourceDate "2004.05.04"]

1. e4 e5 2. Bc4 Nf6 3. d3 c6 4. Nf3 d5 5. Bb3 Bd6 6. exd5 Nxd5 7. O-O O-O 8. Re1 Bg4 9. h3 Bh5 10. Nbd2 Nd7 11. Ne4 Bc7 12. Ng3 Bg6 13. Bd2 Re8 14. a3 Kh8 15. Ng5 h6 16. N5e4 f5 17. Nc3 Nc5 18. Ba2 Ne6 19. Nf1 Ndf4 20. Ng3 Qh4 21. Bxf4 Nxf4 22. Qf3 Rf8 23. Nce2 Nxe2+ 24. Rxe2 Rad8 25. Rae1 Rd4 26. Rxe5 Bxe5 27. Rxe5 Rdd8 28. Re6 Bf7 29. Nxf5 Qg5 30. h4 Qc1+ 31. Kh2 Bxe6 32. Bxe6 Qxb2 33. Qe4 Qf6 34. c3 Rde8 35. Nd4 c5 0-1

[Event "It"]
[Site "?"]
[Date "2005.08.12"]
[Round "9"]
[White "Efimenko Zahar"]
[Black "Golod Vitali"]
[Result "1/2-1/2"]
[WhiteElo "2643"]
[BlackElo "2582"]
[PlyCount "108"]
[EventDate "2005.??.??"]
[Source "www.chesslib.no"]
[SourceDate "2004.05.04"]

1. e4 e5 2. Bc4 Nf6 3. d3 c6 4. Nf3 d5 5. Bb3 Bd6 6. Nc3 O-O 7. Ng5 dxe4 8. Ncxe4 Nxe4 9. Nxe4 Bf5 10. Qf3 Bxe4 11. dxe4 Nd7 12. O-O Nc5 13. Bc4 b5 14. Be2 Qe7 15. c3 a5 16. Be3 a4 17. Rad1 Rfd8 18. g3 Ne6 19. h4 Bc5 20. Bc1 Rxd1 21. Rxd1 Rd8 22. Rxd8+ Qxd8 23. Kg2 Bf8 24. Qd3 Qxd3 25. Bxd3 Bd6 26. h5 h6 27. Bc2 Kf8 28. Kh3 Ke7 29. Kg4 Kf6 30. f4 Bc7 31. Bd2 Bd6 32. c4 Nd4 33. Bd1 a3 34. bxa3 Bxa3 35. cxb5 cxb5 36. Bc3 Ke6 37. Kh3 f6 38. Ba5 Bd6 39. Bb6 Ke7 40. Kg4 Ke6 41. Ba5 Ke7 42. Bc3 Ke6 43. Kh3 Ke7 44. Bd2 Kf7 45. Kg2 Ke7 46. Bg4 Ke8 47. Bc8 Kd8 48. Bb7 Kd7 49. Bd5 Ne6 50. Kf3 Nd4+ 51. Ke3 Nc2+ 52. Ke2 Bb4 53. Bc1 Ba3 54. Bd2 Bb4 1/2-1/2

[Event "Europa ch 2008"]
[Site "Plovdiv BUL"]
[Date "2008.05.01"]
[Round "10.8"]
[White "Laznicka, Viktor"]
[Black "Nielsen, Peter Heine"]
[Result "1/2-1/2"]
[WhiteElo "2578"]
[BlackElo "2629"]
[PlyCount "95"]
[EventDate "2008.04.21"]
[Source "www.chesslib.no"]
[SourceDate "2004.05.04"]

1. e4 e5 2. Bc4 Nf6 3. d3 c6 4. Nf3 d5 5. Bb3 Bd6 6. Nc3 dxe4 7. Ng5 O-O 8. Ncxe4 Nxe4 9. Nxe4 Bf5 10. Qf3 Bxe4 11. dxe4 Na6 12. c3 Nc5 13. Bc2 a5 14. O-O Qe7 15. Be3 Rfd8 16. Rad1 Ne6 17. Bc1 b5 18. g3 a4 19. Qe2 Nc5 20. Qg4 Qe6 21. Qxe6 Nxe6 22. f4 Kf8 23. f5 Nc7 24. Kf2 Be7 25. h4 a3 26. b4 c5 27. bxc5 Bxc5+ 28. Ke2 b4 29. cxb4 Bxb4 30. Rxd8+ Rxd8 31. Bd3 Rb8 32. Rf3 Bd6 33. Bc4 Nb5 34. Bxb5 Rxb5 35. Bxa3 Bxa3 36. Rxa3 Rb4 37. Kf3 h5 38. Ra7 Kg8 39. Ra3 Rb2 40. g4 hxg4+ 41. Kxg4 Re2 42. Kf3 Rh2 43. Kg3 Re2 44. Kf3 Rh2 45. Ra5 Rxh4 46. a4 Rh3+ 47. Ke2 Ra3 48. Rxe5 1/2-1/2

[Event "1st League TCh-SCG"]
[Site "Budva"]
[Date "2003.09.07"]
[Round "9"]
[White "Nevednichy, Vladislav"]
[Black "Iordachescu, Viorel"]
[Result "0-1"]
[WhiteElo "2593"]
[BlackElo "2606"]
[PlyCount "67"]
[EventDate "2003.08.29"]
[Source "Roberto Alvarez"]
[SourceDate "2003.10.27"]

1. e4 e5 2. Bc4 Nf6 3. d3 c6 4. Nf3 d6 5. O-O Be7 6. Bb3 O-O 7. c3 Nbd7 8. Re1 h6 9. Nbd2 Re8 10. Nf1 Bf8 11. Ng3 d5 12. h3 dxe4 13. dxe4 Qc7 14. Nh4 Nc5 15. Bc2 g6 16. Be3 a5 17. Qc1 Kh7 18. f4 exf4 19. Bxf4 Qb6 20. Kh1 Be6 21. e5 Nd5 22. Bd2 Qd8 23. Nf3 Qe7 24. Ne4 Nxe4 25. Rxe4 Bg7 26. Rh4 Qf8 27. Bg5 b5 28. Qd2 Nb6 29. Rf1 Nc4 30. Qc1 Bd5 31. b3 Nxe5 32. Nd2 Kg8 33. Bf4 Qe7 34. Bg3 0-1

[Event "Europa ch 2008"]
[Site "Plovdiv BUL"]
[Date "2008.04.25"]
[Round "5.38"]
[White "Nevednichy, Vladislav"]
[Black "Fridman, Daniel"]
[Result "1-0"]
[WhiteElo "2558"]
[BlackElo "2640"]
[PlyCount "105"]
[EventDate "2008.04.21"]
[Source "www.chesslib.no"]
[SourceDate "2004.05.04"]

1. e4 e5 2. Bc4 Nf6 3. d3 c6 4. Nf3 d5 5. Bb3 Bd6 6. exd5 Nxd5 7. O-O O-O 8. Re1 Nd7 9. Nbd2 Bc7 10. Ne4 h6 11. h3 Kh8 12. Bd2 a5 13. a3 f5 14. Nc3 Nxc3 15. Bxc3 Qf6 16. Re3 b6 17. Qe2 f4 18. Re4 Nc5 19. Bxe5 Bxe5 20. Rxe5 Nxb3 21. cxb3 Ba6 22. Qe4 c5 23. Re1 Rad8 24. d4 cxd4 25. Re6 Qf5 26. Qxf5 Rxf5 27. Rxb6 Bc8 28. b4 d3 29. bxa5 Rxa5 30. Rb8 Rc5 31. Rd1 Kh7 32. a4 Rdd5 33. b4 Rc3 34. b5 Bd7 35. Rd8 Rc7 36. Ra8 Rb7 37. Rd2 Bf5 38. Rd1 Bd7 39. Ra6 Bc8 40. Rc6 Bf5 41. Rc4 g5 42. Rd4 Rc5 43. Ne1 Re7 44. Nxd3 Rc2 45. b6 Bc8 46. Rd8 Re4 47. Ne1 Rc5 48. Nd3 Rc3 49. a5 Kg6 50. Rb1 Ra4 51. Rxc8 Rxc8 52. b7 Rb8 53. Ne5+ 1-0

[Event "Hastings Premier"]
[Site "Hastings"]
[Date "2000.01.10"]
[Round "7"]
[White "Emms, John M"]
[Black "Sokolov, Ivan"]
[Result "1-0"]
[WhiteElo "2546"]
[BlackElo "2637"]
[PlyCount "121"]
[EventDate "2000.01.04"]
[Source "ChessBase"]
[SourceDate "2000.04.05"]

1. e4 e5 2. Bc4 Nf6 3. d3 c6 4. Nf3 Be7 5. O-O b5 6. Bb3 d6 7. c3 a5 8. Nbd2 a4 9. Bc2 O-O 10. d4 Nbd7 11. Re1 Re8 12. Nf1 Bf8 13. Ng3 Qc7 14. h3 g6 15. Be3 Bg7 16. Qd2 Nf8 17. Bd3 Ne6 18. Rac1 Bd7 19. c4 exd4 20. Nxd4 bxc4 21. Nxe6 Bxe6 22. Bxc4 Qd7 23. Bh6 Bh8 24. Bxe6 Rxe6 25. Qc2 c5 26. Re2 Rae8 27. Rce1 Qb5 28. b3 axb3 29. axb3 Nd7 30. Rd2 Nb8 31. Bf4 Bd4 32. Rb1 Nc6 33. Qc4 Qb6 34. Kh2 Rf6 35. Be3 Bxe3 36. fxe3 Ne5 37. Qc3 Rb8 38. Ne2 Qb7 39. Qc2 Nc6 40. Nc3 Nb4 41. Qb2 Qe7 42. Kg1 Re6 43. Rf1 Qg5 44. Rf3 Qe5 45. Rd1 Ra8 46. Rf2 Ra6 47. Qd2 Re7 48. Rf4 Kg7 49. Kh1 h5 50. Kg1 Rea7 51. Rdf1 Kg8 52. Rf6 Ra1 53. Rxf7 Rxf7 54. Rxa1 Kh7 55. Rd1 Rf6 56. Nb5 Qg3 57. Nxd6 h4 58. Nc4 Rf7 59. e5 Ra7 60. Qf2 Ra2 61. Rd7+ 1-0

[Event "Corus-B"]
[Site "Wijk aan Zee"]
[Date "2002.01.17"]
[Round "3"]
[White "Yu Shaoteng"]
[Black "Sokolov, Ivan"]
[Result "1/2-1/2"]
[WhiteElo "2522"]
[BlackElo "2659"]
[PlyCount "76"]
[EventDate "2002.01.15"]
[Source "ChessBase"]
[SourceDate "2002.03.21"]

1. e4 e5 2. Bc4 Nf6 3. d3 Bc5 4. Nf3 d6 5. c3 O-O 6. O-O Bb6 7. Bb3 c6 8. Nbd2 Re8 9. Re1 h6 10. h3 Be6 11. Nf1 Nbd7 12. Ng3 d5 13. Bc2 a5 14. Nh2 dxe4 15. dxe4 Bc5 16. Qf3 a4 17. Nf5 Bxf5 18. Qxf5 Nf8 19. Qf3 b5 20. a3 Qe7 21. Nf1 h5 22. Bd2 g6 23. Rad1 N6h7 24. Bb1 Ne6 25. Ba2 Rad8 26. Nh2 Rd7 27. Qe2 Red8 28. Nf3 Qf6 29. Bc1 Neg5 30. Rxd7 Rxd7 31. Nxg5 Nxg5 32. Bxg5 Qxg5 33. Rd1 Rxd1+ 34. Qxd1 Kg7 35. Qf3 Qc1+ 36. Kh2 f6 37. Qe2 Qa1 38. Be6 Qc1 1/2-1/2

[Event "Festival comtois 3rd"]
[Site "Belfort"]
[Date "1998.12.21"]
[Round "8"]
[White "Degraeve, Jean Marc"]
[Black "Rozentalis, Eduardas"]
[Result "1/2-1/2"]
[WhiteElo "2580"]
[BlackElo "2575"]
[PlyCount "91"]
[EventDate "1998.12.14"]
[Source "ChessBase"]
[SourceDate "1999.04.01"]

1. e4 e5 2. Bc4 Nf6 3. d3 d6 4. Nc3 g6 5. f4 exf4 6. Bxf4 Bg7 7. Nf3 O-O 8. O-O Be6 9. Bxe6 fxe6 10. Qd2 Nbd7 11. d4 Nb6 12. Rae1 Qd7 13. b3 Rae8 14. Bg5 Nh5 15. Ne2 c5 16. c4 cxd4 17. Nexd4 a6 18. Rd1 Nc8 19. Bh6 Bxh6 20. Qxh6 e5 21. Nf5 Nf4 22. Ne3 Ne2+ 23. Kh1 Nc3 24. Rde1 Qg7 25. Qxg7+ Kxg7 26. Nd5 Nxd5 27. cxd5 h6 28. Rc1 Re7 29. Nd2 Nb6 30. Rxf8 Kxf8 31. Kg1 Ke8 32. Kf2 Rf7+ 33. Ke3 Kd8 34. Rc2 Rf6 35. Rc1 Rf7 36. Rf1 Rxf1 37. Nxf1 Nd7 38. Nd2 Nf6 39. Kf3 b5 40. b4 Ke7 41. Nb3 Nd7 42. Na5 Nb6 43. Ke2 Na4 44. Kd3 Nb2+ 45. Kc2 Na4 46. Nc6+ 1/2-1/2

[Event "Lost Boys op"]
[Site "Antwerp"]
[Date "1998.07.08"]
[Round "8"]
[White "Tischbierek, Raj"]
[Black "Sokolov, Ivan"]
[Result "1/2-1/2"]
[WhiteElo "2525"]
[BlackElo "2625"]
[PlyCount "109"]
[EventDate "1998.08.??"]
[Source "www.chesslib.no"]
[SourceDate "2004.05.04"]

1. e4 e5 2. Nc3 Nf6 3. Bc4 Bc5 4. d3 c6 5. Nf3 d6 6. O-O Bb6 7. d4 Nbd7 8. Be3 Bc7 9. Ng5 O-O 10. Bxf7+ Rxf7 11. Ne6 Qe7 12. Nxc7 Rb8 13. dxe5 Nxe5 14. Bxa7 Qxc7 15. Bxb8 Qxb8 16. Qd4 c5 17. Qd2 b5 18. f3 Be6 19. b3 b4 20. Ne2 Ra7 21. Rfd1 Ra6 22. c3 bxc3 23. Nxc3 h6 24. Kh1 Qe8 25. Ne2 Qa8 26. Rab1 Bf7 27. Nc3 c4 28. bxc4 Nxc4 29. Qd4 Rc6 30. a4 Na3 31. Rbc1 Qc8 32. e5 dxe5 33. Qd8+ Qxd8 34. Rxd8+ Kh7 35. Ne2 Nc4 36. Ra8 e4 37. fxe4 Nxe4 38. Ra7 Rf6 39. Ng3 Ned2 40. Kg1 h5 41. h4 Kh6 42. Re1 Bg6 43. a5 Rf4 44. Re6 Nb3 45. a6 Nd4 46. Rxg6+ Kxg6 47. Rxg7+ Kxg7 48. Nxh5+ Kg6 49. Nxf4+ Kf5 50. Nd5 Nc6 51. Kf2 Ke5 52. Ne3 Nd6 53. Kf3 Nb5 54. Nc2 Nc7 55. g4 1/2-1/2

[Event "otb"]
[Site "otb"]
[Date "2007.04.23"]
[Round "3"]
[White "Areshchenko Alexander"]
[Black "Rogovski Vladimir"]
[Result "1/2-1/2"]
[WhiteElo "2656"]
[BlackElo "2493"]
[PlyCount "47"]
[Source "www.chesslib.no"]
[SourceDate "2004.05.04"]

1. e4 e5 2. Nf3 Nc6 3. Bc4 Nf6 4. d3 d5 5. exd5 Nxd5 6. O-O Bc5 7. Re1 O-O 8. Nbd2 Re8 9. Ne4 Be7 10. h3 h6 11. Ng3 Nb6 12. Bb3 Bd6 13. c3 Be6 14. Bc2 f5 15. b4 a6 16. Bb2 Qf6 17. Bb3 Kh7 18. Nd2 Rad8 19. Qh5 Bxb3 20. axb3 Rf8 21. Rad1 Qg6 22. Qxg6+ Kxg6 23. Nc4 Nd5 24. Na5 1/2-1/2

[Event "Arctic Chess Challenge 2008"]
[Site "Tromsø NOR"]
[Date "2008.08.05"]
[Round "4"]
[White "Kurnosov, Igor"]
[Black "Kunin, Vitaly"]
[Result "1/2-1/2"]
[WhiteElo "2617"]
[BlackElo "2532"]
[PlyCount "53"]
[EventDate "2008.08.02"]
[Source "www.chesslib.no"]
[SourceDate "2004.05.04"]

1. e4 e5 2. Bc4 Nf6 3. d3 Bc5 4. Nf3 d6 5. c3 O-O 6. Bb3 Bb6 7. Nbd2 c6 8. O-O Qe7 9. Re1 Be6 10. Nf1 Bxb3 11. axb3 Nbd7 12. Ng3 g6 13. Bg5 h6 14. Bd2 Kh7 15. d4 Rfe8 16. b4 a6 17. Qc1 Qf8 18. Qc2 Bc7 19. Rad1 Rad8 20. c4 exd4 21. Nxd4 Bb6 22. Bc3 d5 23. exd5 cxd5 24. c5 Bc7 25. Nf3 Rxe1+ 26. Rxe1 Re8 27. Qd2 1/2-1/2

[Event "ASEAN Masters Circuit GMA"]
[Site "Tarakan INA"]
[Date "2008.01.10"]
[Round "3"]
[White "So, W."]
[Black "Zhang Zhong"]
[Result "0-1"]
[WhiteElo "2526"]
[BlackElo "2617"]
[PlyCount "70"]
[EventDate "2008.01.08"]
[Source "www.chesslib.no"]
[SourceDate "2004.05.04"]

1. e4 e5 2. Bc4 Nf6 3. d3 c6 4. Nf3 d6 5. O-O Nbd7 6. c3 d5 7. Bb3 Bd6 8. Bg5 Qc7 9. Nbd2 O-O 10. Re1 h6 11. Bh4 Re8 12. h3 b6 13. Bg3 Ba6 14. d4 exd4 15. e5 Nxe5 16. Nxe5 dxc3 17. Ndf3 cxb2 18. Rb1 Re6 19. Rxb2 Rae8 20. Ba4 b5 21. Bc2 c5 22. Bd3 Qb6 23. Rbe2 b4 24. Bh4 Bxd3 25. Qxd3 c4 26. Qb1 Qc7 27. Qf5 Ne4 28. Ng4 Qc5 29. Rd1 Nc3 30. Rxe6 Rxe6 31. Rd2 Ne2+ 32. Kf1 Nf4 33. Nd4 c3 34. Nxe6 Qc4+ 35. Rd3 fxe6 0-1

[Event "Sibenik"]
[Site "?"]
[Date "2006.09.26"]
[Round "5.3"]
[White "Palac Mladen"]
[Black "Stohl Igor"]
[Result "1/2-1/2"]
[WhiteElo "2584"]
[BlackElo "2558"]
[PlyCount "49"]
[EventDate "2006.??.??"]
[Source "www.chesslib.no"]
[SourceDate "2004.05.04"]

1. e4 e5 2. Bc4 Nf6 3. d3 c6 4. Bb3 Be7 5. Nf3 O-O 6. O-O d6 7. Re1 Nbd7 8. c3 Re8 9. Nbd2 Bf8 10. d4 Qc7 11. Bc2 g6 12. Nf1 Bg7 13. Ng3 b6 14. Bg5 h6 15. Bd2 Bb7 16. Qc1 h5 17. Bh6 Bh8 18. h3 Nh7 19. Qd2 Ndf8 20. Rad1 Rad8 21. Bb3 Bc8 22. Ng5 Ne6 23. Nxe6 Bxe6 24. Bxe6 Rxe6 25. dxe5 1/2-1/2

[Event "FRA Ch Top 16 GpA"]
[Site "?"]
[Date "2005.04.02"]
[Round "6"]
[White "Nevednichy Vladislav"]
[Black "Landa Konstantin"]
[Result "1/2-1/2"]
[WhiteElo "2559"]
[BlackElo "2574"]
[PlyCount "48"]
[EventDate "2005.??.??"]
[Source "www.chesslib.no"]
[SourceDate "2004.05.04"]

1. e4 e5 2. Bc4 Nf6 3. d3 Bc5 4. Nf3 Nc6 5. Bb3 O-O 6. O-O d6 7. c3 a6 8. Nbd2 Ba7 9. a3 Nh5 10. Nc4 Qf6 11. Ne3 Nf4 12. Kh1 Be6 13. Nd5 Bxd5 14. exd5 Ne7 15. c4 h6 16. g3 Nfg6 17. Qe2 Nf5 18. Be3 Rfe8 19. Bxa7 Rxa7 20. Rac1 Rd8 21. Bd1 Nd4 22. Qe4 Kf8 23. Kg2 Rd7 24. a4 a5 1/2-1/2

[Event "Lewkowitz Memorial B"]
[Site "Lewkowitz Memorial B"]
[Date "1994.??.??"]
[Round "?"]
[White "Normantas, Valentinas P"]
[Black "DeMauro, Joseph A"]
[Result "1-0"]
[WhiteElo "2620"]
[BlackElo "2510"]
[PlyCount "73"]
[EventDate "1994.??.??"]
[Source "www.chesslib.no"]
[SourceDate "2004.05.04"]

1. e4 e5 2. Bc4 Nf6 3. d3 Be7 4. Nf3 c6 5. O-O d6 6. Re1 O-O 7. Nbd2 Nbd7 8. a3 Re8 9. Bxf7+ Kxf7 10. Ng5+ Kg8 11. Ne6 Qa5 12. Nc4 Qxe1+ 13. Qxe1 d5 14. Ne3 Bd6 15. Nxg7 Rf8 16. Nef5 Bc5 17. Ne6 Ng4 18. Nxf8 Nxf8 19. Nh6+ Nxh6 20. Bxh6 Ng6 21. exd5 Bd7 22. Qc3 Bf8 23. Qb3 cxd5 24. Qxb7 Bxh6 25. Qxd5+ Be6 26. Qxa8+ Bf8 27. Re1 Bf7 28. Qxa7 Kg7 29. Rxe5 Nxe5 30. Qd4 Be7 31. f4 h5 32. fxe5 Be6 33. a4 h4 34. a5 h3 35. a6 hxg2 36. a7 Bg5 37. a8=Q 1-0

[Event "CRO-chT"]
[Site "Medulin"]
[Date "2002.09.17"]
[Round "9"]
[White "Fedorov, Alexei"]
[Black "Stevic, Hrvoje"]
[Result "1/2-1/2"]
[WhiteElo "2598"]
[BlackElo "2527"]
[PlyCount "43"]
[EventDate "2002.09.09"]
[Source "ChessBase"]
[SourceDate "2002.11.06"]

1. e4 e5 2. Bc4 Nf6 3. d3 c6 4. Nf3 Be7 5. O-O d6 6. Nc3 O-O 7. a3 Bg4 8. h3 Bh5 9. g4 Bg6 10. Ba2 Na6 11. Ne2 Nc5 12. Ng3 Ne6 13. Nf5 Nd7 14. Kh1 Kh8 15. Be3 Bxf5 16. gxf5 Nf4 17. Bxf4 exf4 18. Qd2 Bg5 19. d4 Qf6 20. Rg1 Bh6 21. Rae1 Rae8 22. Qd3 1/2-1/2

[Event "Open 'Mediterraneo 2017'"]
[Site "Fiume CRO"]
[Date "2008.12.05"]
[Round "8"]
[White "Predojevic, Borki"]
[Black "Saric, Ante"]
[Result "1-0"]
[WhiteElo "2615"]
[BlackElo "2505"]
[PlyCount "95"]
[EventDate "2008.11.29"]
[Source "www.chesslib.no"]
[SourceDate "2004.05.04"]

1. e4 e5 2. Bc4 Nf6 3. d3 c6 4. Nf3 d5 5. Bb3 Bb4+ 6. Bd2 Bxd2+ 7. Qxd2 Nbd7 8. Nc3 dxe4 9. Ng5 O-O 10. Ngxe4 Nxe4 11. Nxe4 Re8 12. O-O Nf6 13. Nxf6+ Qxf6 14. Rae1 Be6 15. Qc3 Bxb3 16. axb3 Qd6 17. Re4 Re6 18. Rfe1 Rae8 19. Qa5 a6 20. b4 g6 21. g3 h5 22. Qc5 Qxc5 23. bxc5 Kg7 24. h4 Kf6 25. Kg2 Rd8 26. Rb4 Re7 27. f4 Rdd7 28. Kf3 Re6 29. fxe5+ Rxe5 30. Rxe5 Kxe5 31. Re4+ Kf5 32. d4 f6 33. c3 Rf7 34. Re8 g5 35. b4 Rg7 36. Rh8 g4+ 37. Kf2 Kg6 38. Re8 Kf7 39. Rd8 Kg6 40. c4 Kf5 41. d5 Ke4 42. d6 Kd4 43. Rc8 a5 44. Rc7 Rg8 45. bxa5 Kxc5 46. d7 Rd8 47. Rxb7 Kd6 48. a6 1-0